[Event "IECC KO-1076"]
[Site "IECC email"]
[Date "2009.05.29"]
[Round "?"]
[White "Komine, Koki"]
[Black "Russo, Pasquale"]
[Result "1-0"]
[WhiteElo "1046"]
[BlackElo "1067"]
[PlyCount "35"]
[EventDate "2009.??.??"]
[EventType "match (corr)"]
[EventRounds "2"]
[SourceTitle "Telechess CBM 137"]
[Source "ChessBase"]
[SourceDate "2010.07.15"]
[SourceVersion "1"]
[SourceVersionDate "2010.07.15"]
[SourceQuality "1"]
[WhiteTeam "Japan"]
[BlackTeam "Italy"]
[WhiteTeamCountry "JPN"]
[BlackTeamCountry "ITA"]

1. e4 d5 2. exd5 Qxd5 3. Nc3 Qd6 4. d4 Nf6 5. Bc4 a6 6. Nf3 b5 7. Bb3 Nc6 8. Bg5 h6 9. Bh4 e5 10. Bg3 Qd8 11. Bxe5 Be7 12. 0-0 0-0 13. h3 Bb7 14. Ne2 Nxe5 15. Nxe5 c5 16. c3 Rc8 17. Ng3 cxd4 18. cxd4 1-0

[Event "IECC CL7-2009.03 email"]
[Site "IECC email"]
[Date "2009.04.17"]
[Round "?"]
[White "Foletta, Ian"]
[Black "Russo, Pasquale"]
[Result "1-0"]
[WhiteElo "1014"]
[BlackElo "1051"]
[PlyCount "53"]
[EventDate "2009.??.??"]
[EventType "tourn (corr)"]
[EventRounds "4"]
[SourceTitle "Telechess CBM 137"]
[Source "ChessBase"]
[SourceDate "2010.07.15"]
[SourceVersion "1"]
[SourceVersionDate "2010.07.15"]
[SourceQuality "1"]
[WhiteTeam "Australia"]
[BlackTeam "Italy"]
[WhiteTeamCountry "AUS"]
[BlackTeamCountry "ITA"]

1. e4 c5 2. Nf3 d6 3. d4 cxd4 4. Nxd4 Nf6 5. Nc3 a6 6. Be2 e5 7. Nb3 Be7 8. Be3 0-0 9. 0-0 Be6 10. Qe1 Nc6 11. Rd1 Qc7 12. Bf3 Rfd8 13. Nd5 Qc8 14. Na5 Re8 15. Nxe7+ Nxe7 16. c4 Nc6 17. Rxd6 Nxa5 18. Qxa5 h6 19. h3 Rd8 20. Qxe5 Ne8 21. Rxd8 Qxd8 22. Rd1 Qf6 23. Qxf6 Nxf6 24. e5 Nd7 25. Bxb7 Rb8 26. Bxa6 Rxb2 27. a4 1-0

[Event "IECC CL7-2009.03 email"]
[Site "IECC email"]
[Date "2009.04.17"]
[Round "?"]
[White "Russo, Pasquale"]
[Black "Stamate, Vlad"]
[Result "1-0"]
[WhiteElo "1100"]
[BlackElo "1166"]
[PlyCount "21"]
[EventDate "2009.??.??"]
[EventType "tourn (corr)"]
[EventRounds "4"]
[SourceTitle "Corr 2013"]
[Source "ChessBase"]
[SourceDate "2012.11.12"]
[SourceVersion "1"]
[SourceVersionDate "2012.11.12"]
[SourceQuality "1"]
[WhiteTeam "Italy"]
[BlackTeam "Germany"]
[WhiteTeamCountry "ITA"]
[BlackTeamCountry "GER"]

1. d4 d5 2. Nf3 Nf6 3. Bg5 Bf5 4. h3 Nc6 5. Nc3 Nb4 6. Rc1 Nxc2+ 7. Rxc2 Bxc2 8. Qxc2 e6 9. e4 h6 10. Bh4 Bb4 11. Qa4+ 1-0

[Event "IECC P-4505"]
[Site "IECC email"]
[Date "2008.12.23"]
[Round "?"]
[White "Cuaycong, Virgilio"]
[Black "Russo, Pasquale"]
[Result "1-0"]
[WhiteElo "1305"]
[BlackElo "1119"]
[PlyCount "55"]
[EventDate "2008.??.??"]
[EventType "tourn (corr)"]
[EventRounds "1"]
[SourceTitle "Corr 2011"]
[Source "ChessBase"]
[SourceDate "2010.08.31"]
[SourceVersion "1"]
[SourceVersionDate "2010.08.31"]
[SourceQuality "1"]
[WhiteTeam "Philippines"]
[BlackTeam "Italy"]
[WhiteTeamCountry "PHI"]
[BlackTeamCountry "ITA"]

1. e4 c5 2. Nf3 d6 3. d4 cxd4 4. Nxd4 Nf6 5. Nc3 a6 6. Bg5 e6 7. f4 Be7 8. Qf3 Qc7 9. 0-0-0 Nbd7 10. g4 b5 11. f5 e5 12. Nb3 b4 13. Bxf6 Nxf6 14. Nd5 Nxd5 15. exd5 Bg5+ 16. Kb1 Bb7 17. h4 Be7 18. g5 f6 19. gxf6 Bxf6 20. Qg4 0-0 21. Qxb4 Rac8 22. c3 Ra8 23. Qg4 a5 24. Nd2 Bxd5 25. Ne4 Qc6 26. Rxd5 Qxd5 27. Nxf6+ Rxf6 28. Bc4 1-0